Central Library || Chittagong University

Technical education in Uttar pradesh/ (Record no. 112040)

MARC details
000 -LEADER
fixed length control field 00442nam a22001697a 4500
003 - CONTROL NUMBER IDENTIFIER
control field BD-ChCU
005 - DATE AND TIME OF LATEST TRANSACTION
control field 20260405111328.0
008 - FIXED-LENGTH DATA ELEMENTS--GENERAL INFORMATION
fixed length control field 260405b bg ||||| |||| 00| 0 ben d
040 ## - CATALOGING SOURCE
Transcribing agency BD-ChCU
082 ## - DEWEY DECIMAL CLASSIFICATION NUMBER
Classification number 378.013 TEC
100 ## - MAIN ENTRY--PERSONAL NAME
Personal name N.R.S.P.T
9 (RLIN) 21143
245 ## - TITLE STATEMENT
Title Technical education in Uttar pradesh/
Statement of responsibility, etc. N.R.S.P.T
260 ## - PUBLICATION, DISTRIBUTION, ETC.
Place of publication, distribution, etc. Allahabad,
Name of publisher, distributor, etc. NRSPT,
Date of publication, distribution, etc. 1962
300 ## - PHYSICAL DESCRIPTION
Extent 107p.
650 #0 - SUBJECT ADDED ENTRY--TOPICAL TERM
Topical term or geographic name entry element Technical education
9 (RLIN) 21144
942 ## - ADDED ENTRY ELEMENTS (KOHA)
Source of classification or shelving scheme Dewey Decimal Classification
Koha item type Books
Suppress in OPAC No
Holdings
Withdrawn status Lost status Source of classification or shelving scheme Damaged status Not for loan Home library Current library Shelving location Date acquired Source of acquisition Total Checkouts Full call number Barcode Date last seen Price effective from Koha item type
    Dewey Decimal Classification     Chittagong University Library Chittagong University Library Business and Social Science Reading Room 04/05/2026 Gift   378.013 TEC 88557 04/05/2026 04/05/2026 Books
© Copyright 2025. Chittagong University Library, Installation and Maintenance by Prof. Dr. Md. Alamgir, 01711306253